Statistics for Parks and recreation!

Click here to take the quiz!

General Stats

  • This quiz has been taken 364 times
  • The average score is 12 of 15

Answer Stats

HintAnswer% Correct
what season do Tom and Donna ask Ben to go to treat yo self?4
99%
how many children does Leslie have?3
98%
what season does Ben propose to Leslie?5
98%
what season does Ron get married?6
98%
what is Andy's band called?mouse rat
96%
what is the rich town called that Pawnee doesn't like?Eagleton
94%
what is Ron Swanson known as when he is playing jazz?duke silver
92%
what is the name of one of Toms businesses?Entertainment 720
92%
what car does donna have?mercedes
90%
who shoots Ron in the back of the head?Tom
89%
what gives Ben, Chris and Ron food poisoning in season 5?calzone
81%
what is paul rudd's character name?bobby
73%
what number is the hole/lot behind anne's house?48
68%
what is the name of Anne's baby?Oliver
41%
what is the name of the pony that is 5000 candles in the wind?li'l sebastion
19%

Score Distribution

Percentile by Number Answered

Percent of People with Each Score

Your Score History

You have not taken this quiz